Κατάλογος Βιβλιοθηκών Mediterranean College

Exploring the Application of Digital Marketing Tools in the Greek Hospitality Industry/The Case Study of the Divani Caravel Hotel: BA (Hons) International Hospitality Management (Record no. 8554)

MARC details
000 -LEADER
fixed length control field 01244cam a22001934a 4500
005 - ΗΜΕΡΟΜΗΝΙΑ ΚΑΙ ΩΡΑ ΤΕΛΕΥΤΑΙΑΣ ΕΝΗΜΕΡΩΣΗΣ
Πεδίο ελέγχου 20250605164339.0
008 - FIXED-LENGTH DATA ELEMENTS--GENERAL INFORMATION
Πεδίο ελέγχου σταθερού μήκους 250528s ||||||||||||||||||||||||d
035 ## - SYSTEM CONTROL NUMBER
System control number 23553
040 ## - ΠΗΓΗ ΚΑΤΑΛΟΓΟΓΡΑΦΗΣΗΣ
Φορέας πρωτότυπης καταλογογράφησης MC Athens Campus Library
Γλώσσα καταλογογράφησης Ελληνικά, Μοντέρνα (1453-)
Modifying agency MC Athens Campus Library
Κανόνες περιγραφικής καταλογογράφησης AACR2
245 1# - ΤΙΤΛΟΣ ΚΑΙ ΔΗΛΩΣΗ ΥΠΕΥΘΥΝΟΤΗΤΑΣ
Τίτλος Exploring the Application of Digital Marketing Tools in the Greek Hospitality Industry/The Case Study of the Divani Caravel Hotel: BA (Hons) International Hospitality Management
260 ## - PUBLICATION, DISTRIBUTION, ETC.
Date of publication, distribution, etc. 2019
300 ## - PHYSICAL DESCRIPTION
Extent 33
520 ## - SUMMARY, ETC.
Summary, etc. Abstract, Introduction, From Traditional to Digital Marketing, Traditional Marketing, Trasditional vs Digital Marketing, Hospitality Industry Transitions to the Technology Era, Conclusion, Digital Marketing, Digital Marketing Definition, Advantages of Digital Media, Stages of Digital Marketing, Application of Digital Marketing, Common Digital Marketing Applications, Digital Marketing and Measurability, Marketing Executives Apply Digital Tools, Strategic Development, Case Study, Methodology, S.W.O.T. Analysis, Results, Interview, On Line Presence Analysis, The Contribution of Technology in Greek Hospitality Industry, Conclusion, References.
700 1# - ΠΡΟΣΘΕΤΗ ΑΝΑΓΡΑΦΗ--ΦΥΣΙΚΟ ΠΡΟΣΩΠΟ
Personal name Batmani Athina
9 (RLIN) 9130
700 1# - ΠΡΟΣΘΕΤΗ ΑΝΑΓΡΑΦΗ--ΦΥΣΙΚΟ ΠΡΟΣΩΠΟ
Personal name Vrasida Maria
9 (RLIN) 9131
942 ## - ADDED ENTRY ELEMENTS (KOHA)
Koha item type Διπλωματική εργασία
Holdings
Τύπος τεκμηρίου Βιβλιοθήκη Τρέχουσα τοποθεσία Barcode Ημερομηνία απόκτησης Ταξιθετικό σύμβολο Αριθμός αντιτύπου Κατάσταση απόσυρσης Κατάσταση χαμένου Κατάσταση κατεστραμμένου Μη δανεισμός Σύνολο δανεισμών Ημερομηνία τελευταίας εμφάνισης Η τιμή ισχύει από
Διπλωματική εργασία MC Athens Campus Library MC Athens Campus Library 9780000085535 05/06/2025 TOUR 2019 (5) 1           05/06/2025 05/06/2025

MC Athens Campus Library
Πατησίων 94 & Κοδριγκτώνος 13, 104 34
Πελλήνης 8 & Πατησίων 107, 112 51
Τ: +30 210 8899600

MC Thessaloniki Campus Library
Ίωνος Δραγούμη 21, 54625 | Ίωνος Δραγούμη 15, 54625
Τ: +30 2310 287779 – Τ: +30 2314 440300